000 00483nam a2200193Ia 4500
005 20250603145326.0
008 250603s9999 xx 000 0 und d
020 _a9780495902904
050 _aP 90 .B37/
100 _aBaran, J. Stanley
245 0 _aMass communication theory: foundations, ferment, and future
250 _a6th ed.
260 _aNew York
260 _bWadsworth Cengage Learning
260 _c2012
300 _a456 p
650 _aNew York
942 _cBK
999 _c41531
_d41531